| 000 | 00000nam 2200000za 4500 |
| 001 | 9.842800 |
| 003 | CaOODSP |
| 005 | 20221107152413 |
| 007 | cr ||||||||||| |
| 008 | 170831s2017 oncd #o f000 0 eng d |
| 020 | |a978-0-660-09454-0 |
| 040 | |aCaOODSP|beng |
| 043 | |an-cn--- |
| 086 | 1 |aFA1-26/2017-1-1E-PDF |
| 110 | 1 |aCanada. |bOffice of the Auditor General. |
| 245 | 10|aProgress on reducing greenhouse gases |h[electronic resource] : |bEnvironment and Climate Change Canada : independent auditor's report. |
| 246 | 17|aReports of the Commissioner of the Environment and Sustainable Development to the Parliament of Canada - Fall 2017 : |breport 1 |
| 260 | |a[Ottawa] : |bOffice of the Auditor General of Canada, |cc2017. |
| 300 | |aiii, 22 p. : |bgraphs |
| 490 | 1 |aReports of the Commissioner of the Environment and Sustainable Development to the Parliament of Canada, |x2561-1801 ; |vFall 2017, report 1 |
| 500 | |aIssued also in French under title: Progrès vers la réduction des gaz à effet de serre : Environnement et Changement climatique Canada : rapport de l'auditeur indépendant. |
| 520 | |a"This audit focused on whether Environment and Climate Change Canada, with support from other government departments and agencies, made progress toward meeting Canada’s commitments to reduce greenhouse gas emissions."--Focus of the audit, p. 2. |
| 530 | |aIssued also in printed form. |
| 692 | 07|2gccst|aFederal government |
| 692 | 07|2gccst|aGreenhouse gases |
| 692 | 07|2gccst|aClimate change |
| 710 | 1 |aCanada. |bCommissioner of the Environment and Sustainable Development. |
| 775 | 08|tProgrès vers la réduction des gaz à effet de serre |w(CaOODSP)9.842838 |
| 776 | 0#|tProgress on reducing greenhouse gases : |w(CaOODSP)9.842828 |
| 830 | #0|aReports of the Commissioner of the Environment and Sustainable Development to the Parliament of Canada,|x2561-1801 ; |vFall 2017, report 1.|w(CaOODSP)9.842750 |
| 856 | 40|qPDF|s755 KB|uhttps://publications.gc.ca/collections/collection_2017/bvg-oag/FA1-26-2017-1-1-eng.pdf |